000 00843nam a22003017a 4500
001 0052187
003 KOHA_MİRAKIL
005 20260207003832.0
007 ta
008 150629b2015 tu |||gr||||#||||0|tur |
020 _a9786053180173
040 _aTR-BiSEU
_btur
_cTR-BiSEU
_erda
041 0 _atur
044 _ctu
050 _aHB871
_b.S24 2015
100 1 _aŞahin, Salih .
245 1 _aNüfus gerçeği :
_bgeçmiş ve günümüz gelecekte/
_cSalih Şahin ; Salih Şahin.
264 1 _aAnkara :
_bPegem Akademi Yayıncılık
_c2015
300 _a214 sayfa; 25 cm.
336 _ametin
_btxt
_2rdacontent
337 _aaracısız
_bn
_2rdamedia
338 _acilt
_bnc
_2rdacarrier
500 _aDizin var.
500 _aKaynakça var.
650 0 _aNüfus.
_924467
650 0 _aPopulation.
_955268
942 _2lcc
_cBK
999 _c52005
_d52005